Perth Airport Destinations (Perth, Australia) - Map - Statistics

General Stats
  • This quiz has been taken 62 times
  • The average score is 34 of 89
Answers on the Map
Answers color-coded by a green-red scale on the quiz's map according to % correct below.
 
Answer Stats
Destination % Correct
Bangkok (Suvarnabhumi)
100%
Dubai (International)
100%
Hong Kong
100%
Jakarta (Soekarno-Hatta)
100%
London (Heathrow)
100%
Manila
100%
Paris (Charles de Gaulle)
100%
Rome (Fiumicino)
100%
Shanghai (Pudong)
100%
Singapore
100%
Sydney
100%
Tokyo (Narita)
100%
Brisbane
98%
Doha
98%
Johannesburg (O.R.Tambo)
98%
Kuala Lumpur (International)
98%
Melbourne
98%
Gold Coast
94%
Ho Chi Minh City
94%
Auckland
92%
Denpasar
92%
Adelaide
90%
Darwin
88%
Cairns
84%
Canberra
84%
Guangzhou
84%
Hobart
84%
Phuket
84%
Alice Springs
78%
Mauritius
76%
Christmas Island
63%
Cocos (Keeling) Islands
51%
Newcastle
51%
Broome
45%
Launceston
45%
Albany
35%
Kalgoorlie
35%
Esperance
29%
Geraldton
29%
Exmouth
27%
Busselton
25%
Port Hedland
25%
Karratha
24%
Carnarvon
12%
Newman
12%
Paraburdoo
12%
Kununurra
10%
Monkey Mia
10%
Kalbarri
8%
Onslow
6%
Christmas Creek
4%
Leinster
4%
Mount Magnet
4%
Barimunya
2%
Barrow Island
2%
Boolgeeda
2%
Cloudbreak
2%
Coondewanna
2%
Laverton
2%
Meekatharra
2%
Solomon
2%
Telfer
2%
West Angelas
2%
Argyle
0%
Burnakura
0%
Cape Preston
0%
Carosue Dam
0%
Cue
0%
Dalgaranga
0%
Darlot-Centenary
0%
Eliwana
0%
Ginbata
0%
Golden Cove
0%
Iron Bridge
0%
Jundee
0%
Karara
0%
Koolan Island
0%
Lawlers
0%
Leonora
0%
Mount Keith
0%
Murrin Murrin
0%
Nova
0%
Plutonic
0%
Sunrise Dam
0%
The Granites
0%
Tropicana
0%
Wiluna
0%
Wodgina
0%
Woodie Woodie
0%
No matching quizzes found
Score Distribution
Percent of People with Each Score
Percentile by Number Answered
Your Score History
You have not taken this quiz